[Event "FIDE OPEN Stare Mesto 2021 A"]
[Site "Stare Mesto, CZE"]
[Date "2021.08.13"]
[Round "1.30"]
[White "Stara, Zuzana"]
[Black "Machacek, Jan"]
[Result "0-1"]
[WhiteElo "1209"]
[BlackElo "1891"]
[PlyCount "52"]
[EventDate "2021.08.13"]

1. e4 c5 2. Nf3 d6 3. Nc3 Nf6 4. d4 cxd4 5. Nxd4 a6 6. Be3 e5 7. Nf3 Qc7 8. Be2
Be7 9. O-O O-O 10. Bg5 Nbd7 11. Qd2 b5 12. a3 Bb7 13. Rfe1 Bxe4 14. Bxf6 Nxf6
15. Nxe4 Nxe4 16. Qe3 d5 17. Bd3 Bc5 18. Qe2 Bxf2+ 19. Kh1 Bxe1 20. Rxe1 f5 21.
Bxe4 fxe4 22. Ng5 Qe7 23. Nh3 Rac8 24. c3 Rf5 25. Qd2 Qc5 26. Rd1 Rcf8 0-1